000 00664nam a2200193 a 4500
005 20210223132349.0
008 140521s2005 mx r 000 0 spa d
020 _a8498010144
035 _aUPN01000197390
049 _aCG
050 4 _aD70
_bJ3.5
100 1 _aJames, Simon,
_d1957-
_935618
245 1 3 _aEl mundo de los celtas :
_bnuevo y contrastado estudio sobre la historia y la cultura de los celtas /
_cSimon James ; tr. de Rosa María Borrás Montané.
260 _aBarcelona, Esp. :
_bBlume,
_c2005.
300 _a191 p. :
_bil.
534 _pTítulo original
_tExploring the World of the Celts
650 4 _aCELTAS -
_xHISTORIA
_96542
905 _aLibro
999 _c169491
_d169491